00349nam a2200133 a 45000010010000000030011000100080041000210350026000620820016000881000022001042450026001262600043001526500020001950000-9343ELIB.Books110520 0000  a(ELIB.Books)0000-9495 a261.1 bPow aPowell, Sidney W. aWhere are the Peolpe? bNew York: Abindon- Cokesbury Press c0 aSocial Theology